[Event "St Petersburg White Nights op"]
[Site "St Petersburg"]
[Date "2005.06.19"]
[Round "2"]
[White "Rakitskaja, Mariya"]
[Black "Yevseev, Denis"]
[Result "0-1"]
[WhiteElo "2253"]
[BlackElo "2530"]
[PlyCount "56"]
[EventDate "2005.06.18"]
[EventType "swiss"]
[EventRounds "9"]
[EventCountry "RUS"]
[SourceTitle "CBM 106 Extra"]
[Source "ChessBase"]
[SourceDate "2005.07.01"]
[SourceVersion "1"]
[SourceVersionDate "2005.07.01"]
[SourceQuality "1"]

1. e4 c5 2. Nf3 Nc6 3. d4 cxd4 4. Nxd4 Nf6 5. Nc3 e5 6. Ndb5 d6 7. Bg5 a6 8. Na3 b5 9. Nd5 Be7 10. Nxf6+ Bxf6 11. Bxf6 Qxf6 12. Be2 0-0 13. 0-0 Bb7 14. c3 Rad8 15. Bf3 Ne7 16. c4 Nc6 17. cxb5 Nd4 18. bxa6 Bxa6 19. Re1 Rb8 20. b3 Rfc8 21. Bg4 Rc5 22. Rc1 Ra5 23. Nb1 Rxa2 24. Nd2 Qf4 25. Re3 Rxd2 26. Qxd2 Qxg4 27. f3 Qg5 28. Rcc3 Nxf3+ 0-1

[Event "RUS-chT (Women)"]
[Site "Sochi"]
[Date "2005.04.??"]
[Round "11"]
[White "Avdeeva, Veronika"]
[Black "Rakitskaja, Mariya"]
[Result "1/2-1/2"]
[WhiteElo "2137"]
[BlackElo "2253"]
[PlyCount "58"]
[EventDate "2005.04.19"]
[EventType "team"]
[EventRounds "11"]
[EventCountry "RUS"]
[SourceTitle "CBM 105 Extra"]
[Source "ChessBase"]
[SourceDate "2005.05.01"]
[SourceVersion "1"]
[SourceVersionDate "2005.05.01"]
[SourceQuality "1"]

1. d4 Nf6 2. c4 e6 3. Nc3 Bb4 4. Qc2 0-0 5. a3 Bxc3+ 6. Qxc3 Ne4 7. Qc2 f5 8. g3 Nc6 9. Be3 d5 10. Bg2 dxc4 11. Qxc4 Qd5 12. Qxd5 exd5 13. Nf3 a5 14. Bf4 Rf7 15. b3 h6 16. h4 Re7 17. e3 b5 18. Rc1 Bb7 19. Ne5 Nxe5 20. Bxe5 c5 21. f3 cxd4 22. fxe4 Rxe5 23. exd5 Re4 24. Bxe4 dxe3 25. Rc5 b4 26. Ke2 a4 27. axb4 axb3 28. Rb1 Ra2+ 29. Kxe3 Rg2 1/2-1/2

[Event "RUS-ch (Women) 1st League"]
[Site "Samara"]
[Date "2005.03.25"]
[Round "3"]
[White "Rakitskaja, Mariya"]
[Black "Demina, Julia"]
[Result "1/2-1/2"]
[WhiteElo "2220"]
[BlackElo "2346"]
[PlyCount "104"]
[EventDate "2005.03.23"]
[EventType "swiss"]
[EventRounds "9"]
[EventCountry "RUS"]
[SourceTitle "CBM 105 Extra"]
[Source "ChessBase"]
[SourceDate "2005.05.01"]
[SourceVersion "1"]
[SourceVersionDate "2005.05.01"]
[SourceQuality "1"]

1. Nf3 Nf6 2. c4 e6 3. g3 d5 4. Bg2 dxc4 5. Qa4+ c6 6. Qxc4 b5 7. Qc2 Bb7 8. 0-0 a6 9. b3 Nbd7 10. Bb2 Rc8 11. d3 c5 12. Nbd2 Be7 13. a4 Qb6 14. axb5 axb5 15. Ra2 0-0 16. Qc3 Ra8 17. Rfa1 Rxa2 18. Rxa2 Rd8 19. Ne1 b4 20. Qc1 Bxg2 21. Nxg2 Nd5 22. Nc4 Qb8 23. e4 N5b6 24. Nge3 Bf6 25. Bxf6 Nxf6 26. e5 Nxc4 27. Nxc4 Nd5 28. Ra6 Qb5 29. Qg5 Rf8 30. Ra7 Qb8 31. Rd7 Qc8 32. Rd6 h6 33. Qh4 Qc7 34. Qe4 Ra8 35. Kg2 Ra2 36. h4 Ra1 37. h5 Ra2 38. Qh4 Ra8 39. Nd2 Ne7 40. Qe4 Ra2 41. Nc4 Nd5 42. d4 cxd4 43. Qxd4 Qe7 44. Nb6 Qg5 45. Nxd5 exd5 46. Rxd5 Qf5 47. Rc5 Re2 48. g4 Qb1 49. Qxb4 Re1 50. Rc4 Kh7 51. Qd2 Rg1+ 52. Kf3 Qf1 1/2-1/2

[Event "St Petersburg-ch (Women)"]
[Site "St Petersburg"]
[Date "2005.02.23"]
[Round "9"]
[White "Bodnaruk, Anastasia"]
[Black "Rakitskaja, Mariya"]
[Result "1/2-1/2"]
[WhiteElo "2138"]
[BlackElo "2220"]
[PlyCount "140"]
[EventDate "2005.02.15"]
[EventType "swiss"]
[EventRounds "9"]
[EventCountry "RUS"]
[SourceTitle "EXT 2006"]
[Source "ChessBase"]
[SourceDate "2005.11.24"]
[SourceVersion "1"]
[SourceVersionDate "2005.11.24"]
[SourceQuality "1"]

1. e4 c5 2. Nc3 Nc6 3. Nge2 g6 4. d4 cxd4 5. Nxd4 Bg7 6. Nde2 Nf6 7. g3 0-0 8. Bg2 Rb8 9. a4 b6 10. 0-0 Bb7 11. Nd5 d6 12. Rb1 a6 13. b3 b5 14. axb5 axb5 15. Bb2 Ne5 16. Nef4 Nfd7 17. Nd3 e6 18. Ne3 Qb6 19. Nxe5 Nxe5 20. Kh1 Rfd8 21. Bd4 Qc7 22. f4 Nd7 23. Bxg7 Kxg7 24. b4 Nf6 25. Qd4 e5 26. Qd3 Bc6 27. f5 g5 28. Rbd1 Qb7 29. Nd5 Bxd5 30. exd5 h6 31. Ra1 Ra8 32. Ra5 Rxa5 33. bxa5 Ra8 34. Ra1 b4 35. Qc4 Rc8 36. Qe2 Qa7 37. a6 Rc7 38. h3 Qd4 39. Rd1 Qb6 40. Rb1 Ra7 41. Ra1 Qc5 42. Qd3 Rc7 43. Ra2 Qf2 44. Qf1 Qa7 45. Qg1 Rc5 46. Qe3 Ne8 47. Ra5 f6 48. Rxc5 dxc5 49. d6 Nxd6 50. Qd3 Nf7 51. Qb5 Nd6 52. Qc6 Qe7 53. Qxc5 e4 54. a7 e3 55. a8Q e2 56. Qxb4 e1Q+ 57. Qxe1 Qxe1+ 58. Kh2 Nxf5 59. Qb7+ Qe7 60. Qf3 Nd6 61. Qd3 Qe5 62. Bd5 h5 63. Kg2 h4 64. g4 f5 65. gxf5 Nxf5 66. Be4 Nd6 67. Bd5 Nf5 68. Be4 Nd6 69. Bd5 Nf5 70. Be4 Nd6 1/2-1/2

[Event "St Petersburg-ch (Women)"]
[Site "St Petersburg"]
[Date "2005.02.20"]
[Round "6"]
[White "Rakitskaja, Mariya"]
[Black "Donets, Valentina"]
[Result "1/2-1/2"]
[WhiteElo "2220"]
[BlackElo "2180"]
[PlyCount "66"]
[EventDate "2005.02.15"]
[EventType "swiss"]
[EventRounds "9"]
[EventCountry "RUS"]
[SourceTitle "EXT 2006"]
[Source "ChessBase"]
[SourceDate "2005.11.24"]
[SourceVersion "1"]
[SourceVersionDate "2005.11.24"]
[SourceQuality "1"]

1. Nf3 d5 2. d4 c6 3. g3 Nf6 4. Bg2 Bf5 5. Nh4 Bg4 6. h3 Bh5 7. g4 Bg6 8. Nxg6 hxg6 9. Nd2 e6 10. e4 dxe4 11. Nxe4 Nxe4 12. Bxe4 Nd7 13. c3 Bd6 14. Qe2 Nf6 15. Bg5 Be7 16. Bxf6 Bxf6 17. 0-0-0 Bg5+ 18. Kb1 Qe7 19. h4 Bxh4 20. f4 0-0-0 21. g5 f6 22. Bxg6 fxg5 23. f5 Rh6 24. Rdg1 Qf6 25. Rf1 Kc7 26. Rh3 Rd5 27. Re3 Rxf5 28. Bxf5 exf5 29. Re7+ Kc8 30. Re8+ Kc7 31. Re7+ Kc8 32. Re8+ Kc7 33. Re7+ Kc8 1/2-1/2

[Event "St Petersburg White Nights op"]
[Site "St Petersburg"]
[Date "2004.??.??"]
[Round "3"]
[White "Khatenever, Feliks"]
[Black "Rakitskaja, Mariya"]
[Result "1/2-1/2"]
[WhiteElo "2090"]
[BlackElo "2165"]
[PlyCount "31"]
[EventDate "2004.06.??"]
[EventType "swiss"]
[EventRounds "9"]
[EventCountry "RUS"]
[SourceTitle "CBM 100 Extra"]
[Source "ChessBase"]
[SourceDate "2004.07.06"]
[SourceVersion "2"]
[SourceVersionDate "2004.07.06"]
[SourceQuality "1"]

1. d4 Nf6 2. Nf3 b5 3. g3 Bb7 4. Bg2 e6 5. 0-0 Be7 6. b3 b4 7. a3 a5 8. axb4 axb4 9. Rxa8 Bxa8 10. c3 bxc3 11. Nxc3 Na6 12. Bd2 0-0 13. Qb1 Nb4 14. e4 c5 15. dxc5 Bxc5 16. e5 1/2-1/2

[Event "RUS-ch 1L (Women) 54th"]
[Site "Sochi"]
[Date "2004.??.??"]
[Round "1"]
[White "Komjagina, Maria"]
[Black "Rakitskaja, Mariya"]
[Result "1/2-1/2"]
[WhiteElo "2313"]
[BlackElo "2179"]
[PlyCount "63"]
[EventDate "2004.05.13"]
[EventType "swiss"]
[EventRounds "9"]
[EventCountry "RUS"]
[SourceTitle "CBM 100 Extra"]
[Source "ChessBase"]
[SourceDate "2004.07.06"]
[SourceVersion "2"]
[SourceVersionDate "2004.07.06"]
[SourceQuality "1"]

1. e4 e5 2. Nf3 Nf6 3. Nxe5 d6 4. Nf3 Nxe4 5. Nc3 Nxc3 6. dxc3 Be7 7. Bf4 Nd7 8. Qd2 Nc5 9. Nd4 0-0 10. 0-0-0 Ne6 11. Be3 Nxd4 12. Bxd4 Re8 13. Bd3 Bg4 14. Rde1 d5 15. f3 Be6 16. Qf2 Bf6 17. f4 b6 18. Bb5 Bxd4 19. cxd4 Bd7 20. Rxe8+ Bxe8 21. Bd3 a6 22. Re1 Bb5 23. Bxb5 axb5 24. Qe2 Kf8 25. Qxb5 Rxa2 26. Qb4+ c5 27. dxc5 Ra1+ 28. Kd2 Rxe1 29. Kxe1 Qe7+ 30. Kd2 Qxc5 31. Qxc5+ bxc5 32. Kd3 1/2-1/2

[Event "St Petersburg-ch (Women)"]
[Site "St Petersburg"]
[Date "2004.??.??"]
[Round "8"]
[White "Molchanova, Tatjana"]
[Black "Rakitskaja, Mariya"]
[Result "0-1"]
[WhiteElo "2285"]
[BlackElo "2165"]
[PlyCount "112"]
[EventDate "2004.??.??"]
[EventType "tourn"]
[EventRounds "9"]
[EventCountry "RUS"]
[SourceTitle "EXT 2005"]
[Source "ChessBase"]
[SourceDate "2004.11.15"]
[SourceVersion "1"]
[SourceVersionDate "2004.11.15"]
[SourceQuality "1"]

1. e4 e5 2. Nc3 Nf6 3. g3 d5 4. exd5 Nxd5 5. Bg2 Be6 6. Qe2 Nc6 7. Nf3 Nxc3 8. bxc3 Bd6 9. 0-0 0-0 10. d3 Bg4 11. Qe4 Qd7 12. Re1 Bf5 13. Qh4 Rae8 14. Rb1 Na5 15. Ng5 f6 16. Ne4 Be7 17. c4 b6 18. Nc3 Nc6 19. Nd5 Bc5 20. Be3 Nd4 21. Bxd4 Bxd4 22. Nb4 Bc3 23. Re3 Qd6 24. Nd5 Bd2 25. Re2 Bg5 26. Qh5 c6 27. Ne3 Bg6 28. Qf3 e4 29. Qg4 exd3 30. cxd3 Bxd3 31. Rd1 Bxe2 32. Rxd6 Bxg4 33. Nxg4 f5 34. Ne3 Bxe3 35. fxe3 Rxe3 36. Rxc6 Rd8 37. Bd5+ Kh8 38. Rc7 Ra3 39. c5 bxc5 40. Rxc5 g6 41. Bb3 Rd7 42. h4 Ra6 43. h5 Kg7 44. hxg6 hxg6 45. Kf2 Rb6 46. g4 fxg4 47. Rc4 Rf6+ 48. Kg3 Rd3+ 49. Kxg4 Kh6 50. Rc8 Rd4+ 51. Kg3 Kg5 52. Rc7 a6 53. Rc5+ Rf5 54. Rc6 Rg4+ 55. Kh3 Rf3+ 56. Kh2 Kh4 0-1

[Event "St Petersburg White Nights op"]
[Site "St Petersburg"]
[Date "2004.??.??"]
[Round "6"]
[White "Rakitskaja, Mariya"]
[Black "Bedny, Yuri"]
[Result "0-1"]
[WhiteElo "2165"]
[BlackElo "2298"]
[PlyCount "62"]
[EventDate "2004.06.??"]
[EventType "swiss"]
[EventRounds "9"]
[EventCountry "RUS"]
[SourceTitle "CBM 100 Extra"]
[Source "ChessBase"]
[SourceDate "2004.07.06"]
[SourceVersion "2"]
[SourceVersionDate "2004.07.06"]
[SourceQuality "1"]

1. d4 d5 2. c4 e6 3. Nf3 Nf6 4. Nc3 c6 5. e3 Nbd7 6. Bd3 dxc4 7. Bxc4 b5 8. Be2 Bb7 9. 0-0 a6 10. b3 Bd6 11. Bb2 0-0 12. Qc2 Rc8 13. e4 c5 14. e5 cxd4 15. exf6 Qxf6 16. Nxd4 Qxd4 17. Rad1 Qe5 18. f4 Qc5+ 19. Kh1 b4 20. Qd3 bxc3 21. Bc1 Bd5 22. f5 c2 23. Rd2 Nf6 24. Qxa6 Ne4 25. Rxd5 exd5 26. g3 d4 27. Bf3 Nf6 28. a3 Rfd8 29. Kg2 Qc3 30. Bb7 Rb8 31. Rf3 Qc7 0-1

[Event "St Petersburg Rudenko Memorial (Women)"]
[Site "St Petersburg"]
[Date "2004.??.??"]
[Round "6"]
[White "Rakitskaja, Mariya"]
[Black "Bronnikova, Elizaveta"]
[Result "0-1"]
[WhiteElo "2212"]
[BlackElo "2240"]
[PlyCount "74"]
[EventDate "2004.08.??"]
[EventType "swiss"]
[EventRounds "9"]
[EventCountry "RUS"]
[SourceTitle "CBM 101 Extra"]
[Source "ChessBase"]
[SourceDate "2004.09.01"]
[SourceVersion "2"]
[SourceVersionDate "2004.09.01"]
[SourceQuality "1"]

1. Nf3 Nf6 2. c4 g6 3. Nc3 Bg7 4. g3 d6 5. d4 0-0 6. Bg2 Nbd7 7. Bg5 h6 8. Bf4 c6 9. 0-0 Nh5 10. Be3 f5 11. d5 c5 12. Qc2 Kh7 13. Bd2 Ndf6 14. Nh4 Ng4 15. e4 f4 16. Ne2 e5 17. dxe6 Bxe6 18. e5 Nxe5 19. Be4 Qg5 20. Ng2 Bf5 21. f3 Bxe4 22. fxe4 Qg4 23. Bxf4 Nxf4 24. Nexf4 Nf3+ 25. Kh1 Bd4 26. Rad1 Ng5 27. e5 Nf7 28. e6 Ne5 29. Qe4 Rab8 30. Rxd4 cxd4 31. Qxd4 Qxe6 32. Ne3 Nc6 33. Qd3 Rbd8 34. Ned5 Qf5 35. Qd2 Qe4+ 36. Kg1 Ne5 37. Re1 Nf3+ 0-1

[Event "St Petersburg-ch (Women)"]
[Site "St Petersburg"]
[Date "2004.??.??"]
[Round "7"]
[White "Rakitskaja, Mariya"]
[Black "Gromova, Iulia"]
[Result "1/2-1/2"]
[WhiteElo "2165"]
[BlackElo "2151"]
[PlyCount "152"]
[EventDate "2004.??.??"]
[EventType "tourn"]
[EventRounds "9"]
[EventCountry "RUS"]
[SourceTitle "EXT 2005"]
[Source "ChessBase"]
[SourceDate "2004.11.15"]
[SourceVersion "1"]
[SourceVersionDate "2004.11.15"]
[SourceQuality "1"]

1. Nf3 Nf6 2. d4 g6 3. c4 Bg7 4. Nc3 d6 5. e4 0-0 6. Be2 Bg4 7. h3 Bxf3 8. Bxf3 Nfd7 9. 0-0 c5 10. d5 Na6 11. Bg5 Nc7 12. Qd2 a6 13. a4 Ne8 14. a5 Nef6 15. Be2 b6 16. Ra2 bxa5 17. Rfa1 Qb6 18. Rxa5 Rfb8 19. R1a2 Kf8 20. Qc2 Ne8 21. Bd2 Qb3 22. Qc1 Qb7 23. Qa1 Nc7 24. Qc1 Qc8 25. Bg4 Qd8 26. R5a3 Kg8 27. Nd1 Nf6 28. Bf3 Nfe8 29. Ba5 Rb7 30. Nc3 Rab8 31. Bd1 Qc8 32. b3 Bd4 33. Ne2 Bg7 34. Kh2 Na8 35. Nf4 Nf6 36. Qe3 Bh6 37. Bc3 Nc7 38. g3 Bg7 39. e5 Nd7 40. e6 fxe6 41. Bxg7 Kxg7 42. Nxe6+ Nxe6 43. Qxe6 Ne5 44. Qxc8 Rxc8 45. Rxa6 Nd3 46. Ra7 Rcb8 47. Rxb7 Rxb7 48. Kg2 Kf6 49. Ra8 Kg7 50. h4 Nc1 51. Ra3 Nd3 52. Kf3 Ne5+ 53. Ke3 Nf7 54. f4 h5 55. g4 hxg4 56. Bxg4 Kf6 57. Bd1 Nh6 58. h5 Nf5+ 59. Kd3 gxh5 60. Bxh5 Rb8 61. Bg4 Nd4 62. Bd1 Rg8 63. Kd2 Rg2+ 64. Ke3 Rg1 65. Kd2 Rf1 66. Ra8 Rxf4 67. Rf8+ Ke5 68. Re8 Rf7 69. Rg8 Rh7 70. Rg5+ Kf6 71. Rg3 Rh2+ 72. Kc3 Rh1 73. Rd3 Nf5 74. b4 cxb4+ 75. Kxb4 Rh4 76. Rf3 Ke5 1/2-1/2

[Event "RUS-Cup 300 years (Women)"]
[Site "St Petersburg"]
[Date "2003.10.26"]
[Round "9"]
[White "Rakitskaja, Mariya"]
[Black "Donets, Valentina"]
[Result "1/2-1/2"]
[WhiteElo "2170"]
[BlackElo "2155"]
[PlyCount "127"]
[EventDate "2003.10.18"]
[EventType "swiss"]
[EventRounds "9"]
[EventCountry "RUS"]
[SourceTitle "EXT 2004"]
[Source "ChessBase"]
[SourceDate "2003.11.25"]
[SourceVersion "1"]
[SourceVersionDate "2003.11.25"]
[SourceQuality "1"]

1. d4 Nf6 2. c4 d6 3. Nc3 e5 4. dxe5 dxe5 5. Qxd8+ Kxd8 6. Nf3 Nbd7 7. Ng5 Ke7 8. b3 c6 9. g3 Ke8 10. Bg2 Bc5 11. 0-0 Nf8 12. Bb2 Bf5 13. e3 h6 14. Nge4 Nxe4 15. Nxe4 Bxe4 16. Bxe4 f6 17. a3 Ne6 18. b4 Bb6 19. h4 Kf7 20. c5 Bc7 21. f4 exf4 22. gxf4 Rhe8 23. Bc2 Rad8 24. Rf2 Rd7 25. Raf1 Nd8 26. Bd4 Ne6 27. Rg2 Kf8 28. Bc3 b6 29. f5 Nd8 30. e4 Be5 31. Bxe5 Rxe5 32. cxb6 axb6 33. Rf3 Nb7 34. Rc3 Rc7 35. Rd2 Ke7 36. Kf2 Rd7 37. Re2 Kd6 38. Bb3 Nd8 39. Rd2+ Kc7 40. Rxd7+ Kxd7 41. Ke3 Kc7 42. Ba4 Kb7 43. Kf4 b5 44. Bb3 Kb6 45. Rd3 Kc7 46. Rd2 Re7 47. Rg2 Nb7 48. Be6 Nd8 49. e5 Nxe6+ 50. fxe6 Rxe6 51. Rxg7+ Kb6 52. exf6 Rxf6+ 53. Kg4 Rd6 54. Kh5 c5 55. bxc5+ Kxc5 56. Rg3 Ra6 57. Rf3 Kc4 58. Kg4 Kd4 59. h5 Kc4 60. Kf5 Kd4 61. Rg3 Kc4 62. Rg4+ Kc5 63. Rg3 Kc4 64. Rg4+ 1/2-1/2

[Event "RUS-Cup 300 years (Women)"]
[Site "St Petersburg"]
[Date "2003.10.19"]
[Round "2"]
[White "Ushenina, Anna"]
[Black "Rakitskaja, Mariya"]
[Result "1-0"]
[WhiteElo "2311"]
[BlackElo "2170"]
[PlyCount "129"]
[EventDate "2003.10.18"]
[EventType "swiss"]
[EventRounds "9"]
[EventCountry "RUS"]
[SourceTitle "EXT 2004"]
[Source "ChessBase"]
[SourceDate "2003.11.25"]
[SourceVersion "1"]
[SourceVersionDate "2003.11.25"]
[SourceQuality "1"]

1. d4 Nf6 2. c4 e6 3. Nc3 Bb4 4. e3 0-0 5. Nge2 Ne4 6. Qc2 f5 7. g3 d5 8. cxd5 exd5 9. Qb3 Ba5 10. Bg2 c6 11. 0-0 Kh8 12. Nf4 Qe7 13. a3 Nd7 14. Qc2 Ndf6 15. b4 Bc7 16. Nd3 a6 17. Na4 a5 18. Bb2 Ng4 19. h3 Ngf6 20. Rfe1 Nh5 21. Rac1 axb4 22. axb4 Bd6 23. Nb6 Ra6 24. Nxc8 Rxc8 25. b5 Ra5 26. bxc6 Rxc6 27. Qb3 Nhf6 28. Ne5 Rxc1 29. Rxc1 Ra8 30. Qb6 g6 31. Rc2 Kg7 32. Kh2 Ra6 33. Qb5 Ra8 34. Bf1 Bb4 35. Kg2 Bd6 36. Qb6 Ra2 37. h4 Ng4 38. Qb3 Rxb2 39. Rxb2 Nxe5 40. dxe5 Bxe5 41. Qxb7 Qxb7 42. Rxb7+ Kh6 43. Rb5 Nc3 44. Rb4 Ne4 45. Ba6 Bc3 46. Ra4 Nc5 47. Ra3 d4 48. exd4 Bxd4 49. Bc4 Ne4 50. f3 Nd6 51. Be2 f4 52. g4 Kg7 53. Ra6 Nf7 54. Rc6 h5 55. Rc7 Kf8 56. g5 Ne5 57. Rb7 Bc3 58. Kf1 Bd4 59. Rb4 Be3 60. Re4 Nc6 61. Re6 Ne7 62. Bd3 Kf7 63. Bc4 Ke8 64. Rf6 Nf5 65. Bf7+ 1-0

[Event "RUS-chT (Women)"]
[Site "Samara"]
[Date "2003.??.??"]
[Round "4"]
[White "Rakitskaja, Mariya"]
[Black "Frolova, Tatiana"]
[Result "0-1"]
[WhiteElo "2122"]
[BlackElo "2123"]
[PlyCount "148"]
[EventDate "2003.??.??"]
[EventType "team"]
[EventRounds "7"]
[EventCountry "RUS"]
[SourceTitle "EXT 2005"]
[Source "ChessBase"]
[SourceDate "2004.11.15"]
[SourceVersion "1"]
[SourceVersionDate "2004.11.15"]
[SourceQuality "1"]

1. d4 d5 2. c4 c6 3. Nc3 Nf6 4. e3 Bf5 5. Bd3 Bxd3 6. Qxd3 e6 7. Nf3 Nbd7 8. b3 Bb4 9. 0-0 0-0 10. Ne2 Ne4 11. Rd1 Ndf6 12. h3 a6 13. Bb2 Rc8 14. a3 Bd6 15. Ne5 Nh5 16. g3 Qg5 17. f4 Qe7 18. Kg2 Kh8 19. Rf1 f5 20. Rf3 g5 21. Rg1 Bxe5 22. dxe5 Rg8 23. Rh1 Rg6 24. g4 gxf4 25. exf4 Qh4 26. g5 Rcg8 27. Kf1 h6 28. Rg1 hxg5 29. Bc1 g4 30. hxg4 fxg4 31. Rfg3 Nhxg3+ 32. Nxg3 Nxg3+ 33. Qxg3 Qxg3 34. Rxg3 Kg7 35. Be3 Rh8 36. Bd4 Rh3 37. Rg2 Kf7 38. Ke2 Rxb3 39. cxd5 cxd5 40. Rh2 Rh3 41. Rf2 Rxa3 42. Be3 Ra2+ 43. Bd2 Rg8 44. Rh2 Kg6 45. Ke3 Ra3+ 46. Kd4 Rh3 47. Rg2 Kf5 48. Be3 g3 49. Ra2 Rh7 50. Rb2 g2 51. Rb1 Rgg7 52. Rc1 Rh1 53. Bg1 Kxf4 54. Be3+ Kf3 55. Rc3 Rg4+ 56. Kd3 g1Q 57. Bxg1 Rhxg1 58. Kd2+ Ke4 59. Re3+ Kf5 60. Rf3+ Kxe5 61. Rf8 R4g3 62. Rf7 Rh1 63. Ke2 Rh2+ 64. Kf1 Rb3 65. Kg1 Ra2 66. Rf1 d4 67. Re1+ Kd5 68. Rd1 d3 69. Kh1 d2 70. Kg2 Rc3 71. Kf2 Rc1 72. Ke2 Rxd1 73. Kxd1 Kd4 74. Ke2 Kc3 0-1

[Event "St Petersburg-chT "]
[Site "St Petersburg"]
[Date "2003.??.??"]
[Round "5"]
[White "Rakitskaja, Mariya"]
[Black "Golcman, Evgeny"]
[Result "1/2-1/2"]
[WhiteElo "2122"]
[BlackElo "2350"]
[PlyCount "117"]
[EventDate "2003.??.??"]
[EventType "team"]
[EventRounds "9"]
[EventCountry "RUS"]
[SourceTitle "EXT 2005"]
[Source "ChessBase"]
[SourceDate "2004.11.15"]
[SourceVersion "1"]
[SourceVersionDate "2004.11.15"]
[SourceQuality "1"]

1. d4 f5 2. g3 Nf6 3. Bg2 g6 4. c4 Bg7 5. Nc3 0-0 6. Nf3 d6 7. 0-0 Nc6 8. d5 Na5 9. Qd3 c5 10. b3 a6 11. Bb2 Rb8 12. Rab1 Bd7 13. Ng5 b5 14. cxb5 axb5 15. Ne6 Bxe6 16. dxe6 c4 17. bxc4 Nxc4 18. Nxb5 Nxb2 19. Rxb2 Ne4 20. Rbb1 Nc5 21. Qc4 Qa5 22. Nxd6 Bf6 23. Nb7 Nxb7 24. Rxb7 Rbc8 25. Qd5 Rc5 26. Qb3 Rc3 27. Rb5 Qa6 28. Qb1 Rd8 29. Bd5 Kg7 30. Qb4 Rc2 31. e3 Rb2 32. Bb3 Rdd2 33. Qc4 Qa7 34. Rd5 Qxe3 35. Rxd2 Qxd2 36. Qf4 Qxf4 37. gxf4 Bd4 38. Kg2 Kf6 39. Kg3 Bc5 40. Kf3 Rd2 41. Kg3 Rd3+ 42. Kg2 Rd2 43. Kf3 Kg7 44. Rc1 Rxf2+ 45. Kg3 Bd4 46. Rc7 Kf6 47. Rc8 Kg7 48. Re8 Bc5 49. Rxe7+ Bxe7 50. Kxf2 Bd6 51. Kf3 Kf6 52. a4 Bc7 53. h3 h6 54. h4 Ke7 55. Ke3 Kf6 56. Bc4 Ke7 57. Bb3 Kf6 58. Bd5 Ke7 59. Bc4 1/2-1/2

[Event "St Petersburg-chT "]
[Site "St Petersburg"]
[Date "2003.??.??"]
[Round "7"]
[White "Rakitskaja, Mariya"]
[Black "Kurilov, Viktor"]
[Result "0-1"]
[WhiteElo "2122"]
[BlackElo "2214"]
[PlyCount "148"]
[EventDate "2003.??.??"]
[EventType "team"]
[EventRounds "9"]
[EventCountry "RUS"]
[SourceTitle "EXT 2005"]
[Source "ChessBase"]
[SourceDate "2004.11.15"]
[SourceVersion "1"]
[SourceVersionDate "2004.11.15"]
[SourceQuality "1"]

1. d4 d6 2. Nf3 Nf6 3. c4 Nbd7 4. Nc3 e5 5. e4 c6 6. Be2 Be7 7. 0-0 0-0 8. b4 a5 9. b5 Qc7 10. Ba3 Re8 11. Rc1 Bf8 12. bxc6 bxc6 13. d5 c5 14. Rb1 Ba6 15. Qc2 Reb8 16. Nb5 Bxb5 17. cxb5 g6 18. Bc1 Be7 19. Bd2 Ne8 20. Rfc1 Ng7 21. Bh6 Nb6 22. Bc4 Rf8 23. Rb3 Kh8 24. Nd2 Qd8 25. f4 exf4 26. Bxf4 Bg5 27. Bxg5 Qxg5 28. Rg3 Qe7 29. Re1 Nf5 30. Rh3 Nd4 31. Qc3 f6 32. Qg3 Kg8 33. Bd3 Rf7 34. Re3 Rc8 35. Nb3 Nxb3 36. axb3 Qe5 37. Qxe5 fxe5 38. Be2 Rcf8 39. Rhf3 Rxf3 40. Bxf3 Ra8 41. Bd1 Rc8 42. Bg4 Rc7 43. Be2 Kf8 44. Rc3 Ra7 45. Bd1 Rf7 46. Bf3 Ke8 47. Rc1 Kd8 48. Ra1 Ra7 49. Bd1 Ke7 50. Ra2 Kd8 51. Rf2 Ke7 52. Ra2 Ra8 53. g3 c4 54. bxc4 Nxc4 55. Rc2 Rc8 56. Bg4 Rc5 57. Be2 Nb6 58. Ra2 a4 59. Kf2 Rc3 60. Bd1 a3 61. Ra1 Kd7 62. h4 Nc4 63. Be2 Ne3 64. b6 Nc2 65. Bg4+ Kd8 66. Ra2 Nb4 67. Ra1 Rc2+ 68. Ke3 a2 69. Bd1 Rb2 70. Rc1 Rb1 71. b7 Na6 72. Rc8+ Ke7 73. Ba4 a1Q 74. Re8+ Kf7 0-1